| 000 | 00000nam 2200000za 4500 |
| 001 | 9.808271 |
| 003 | CaOODSP |
| 005 | 20240314152356 |
| 007 | cr ||||||||||| |
| 008 | 160608s2016 onc o f000 0 fre d |
| 020 | |a978-0-660-04073-8 |
| 040 | |aCaOODSP|bfre |
| 043 | |an-cn--- |
| 086 | 1 |aPS4-69/2016F-PDF |
| 245 | 04|aLes victimes d'actes criminels se tiennent au courant |h[ressource électronique]. |
| 260 | |a[Ottawa] : |bSécurité publique Canada, |cc2016. |
| 300 | |aii, 25 p. |
| 500 | |aPubl. aussi en anglais sous le titre : Victims of crime: staying informed. |
| 500 | |aLe n° de catalogue (PS4-69/2016) et l’ISBN (978-0-660-04071-4) de l'édition imprimée bilingue ont été copiés dans l’édition électronique. |
| 530 | |aÉgalement publ. en version imprimée. |
| 692 | 07|2gccst|aVictime |
| 692 | 07|2gccst|aCrime |
| 710 | 1 |aCanada. |bSécurité publique Canada. |
| 775 | 08|tVictims of crime |w(CaOODSP)9.808269 |
| 775 | 08|t[Les victimes d'actes criminels se tiennent au courant] |w(CaOODSP)9.808278 |
| 775 | 08|t[Les victimes d'actes criminels se tiennent au courant] |w(CaOODSP)9.808287 |
| 775 | 08|t[Les victimes d'actes criminels se tiennent au courant] |w(CaOODSP)9.808292 |
| 775 | 08|t[Les victimes d'actes criminels se tiennent au courant] |w(CaOODSP)9.808919 |
| 775 | 08|t[Les victimes d'actes criminels se tiennent au courant] |w(CaOODSP)9.808928 |
| 775 | 08|t[Les victimes d'actes criminels se tiennent au courant] |w(CaOODSP)9.808932 |
| 775 | 08|t[Les victimes d'actes criminels se tiennent au courant] |w(CaOODSP)9.808937 |
| 775 | 08|t[Les victimes d'actes criminels se tiennent au courant] |w(CaOODSP)9.808941 |
| 775 | 08|t[Les victimes d'actes criminels se tiennent au courant] |w(CaOODSP)9.808993 |
| 775 | 08|t[Les victimes d'actes criminels se tiennent au courant] |w(CaOODSP)9.809017 |
| 775 | 08|t[Les victimes d'actes criminels se tiennent au courant] |w(CaOODSP)9.809025 |
| 775 | 08|t[Les victimes d'actes criminels se tiennent au courant] |w(CaOODSP)9.809029 |
| 775 | 08|t[Les victimes d'actes criminels se tiennent au courant] |w(CaOODSP)9.809033 |
| 775 | 08|t[Les victimes d'actes criminels se tiennent au courant] |w(CaOODSP)9.829271 |
| 775 | 08|t[Les victimes d'actes criminels se tiennent au courant] |w(CaOODSP)9.829274 |
| 775 | 08|t[Les victimes d'actes criminels se tiennent au courant] |w(CaOODSP)9.847358 |
| 775 | 08|t[Les victimes d'actes criminels se tiennent au courant] |w(CaOODSP)9.848578 |
| 775 | 08|t[Les victimes d'actes criminels se tiennent au courant] |w(CaOODSP)9.809000 |
| 776 | 0#|tLes victimes d'actes criminels |w(CaOODSP)9.808268 |
| 794 | |tLes victimes d'actes criminels se tiennent au courant. |w(CaOODSP)9.891663 |
| 856 | 40|qPDF|s206 Ko|uhttps://publications.gc.ca/collections/collection_2016/sp-ps/PS4-69-2016-fra.pdf |